| 000 | 00736nam a22001937a 4500 | ||
|---|---|---|---|
| 999 |
_c193387 _d193387 |
||
| 005 | 20230823104951.0 | ||
| 010 | _aENG-135551 | ||
| 020 |
_c191.00 _a9789380831138 |
||
| 035 | _aEN-119083 | ||
| 037 | _bDBAD/PUB | ||
| 082 | _a658.4012 | ||
| 100 | _aprasad, R shiv ram | ||
| 245 |
_aStrategic Management Text and Cases/ _cBy R shiv ram prasad [and] K V S N jawahar babu |
||
| 260 |
_bstudentahelpline publishing house pvt ltd _c2011 _aHyderabad |
||
| 270 |
_a326/c, surneni nilayam, 1st floor, near b k guda park, s.r. nagar, _bHyderabad _e500038 _k914023710657 _l4023810657 _mstudenthelpline.in@gmail.com |
||
| 300 |
_av.p. _c24cm(hbk) |
||
| 700 |
_aBabu, K V S N jawahar _eauthor |
||
| 942 |
_2ddc _cEN _mPRA _h658.4012 |
||